|
|
|
|
| LEADER |
00658cam a2200205 a 4500 |
| 001 |
0000115716 |
| 005 |
20091113090000.0 |
| 040 |
|
|
|a mod
|
| 041 |
|
|
|a eng
|
| 020 |
0 |
0 |
|a 9789675137402
|
| 090 |
0 |
0 |
|a 297.63
|b ABD
|e 2009
|
| 100 |
0 |
0 |
|a Abdul Hakim Ahmad
|
| 245 |
1 |
0 |
|a Muhammad bin Abdullah
|b peribadi seorang pahlawan
|c Abdul Hakim Ahmad
|
| 260 |
0 |
0 |
|a Batu Caves, Selangor
|b PTS Publ.
|c 2009
|
| 300 |
0 |
0 |
|a x, 178 p.
|c 19 cm
|
| 600 |
0 |
0 |
|a Muhammad, Prophet, d.632
|
| 600 |
0 |
0 |
|a Muhammad, Prophet, d.632
|x Biography
|
| 852 |
0 |
0 |
|a 01
|
| 999 |
|
|
|a 0278314
|b PULPAK
|d BOOKS
|e Umum
|f PULPAK
|j AVAILABLE
|q GOOD CONDITION
|
| 999 |
|
|
|a 0280433
|b INSAN
|d BOOKS
|e Umum
|f INSAN
|j AVAILABLE
|q GOOD CONDITION
|